Pokémon Chromatiques : quelle couleur ? - Statistiques

Statistiques générales
  • Ce quiz a été pris 257 fois
  • Le résultat moyen est 13 sur 20
Statistiques - réponses
Question Réponse % Correct
Flammes de Ponyta (forme normale) Bleues
98%
Dracaufeu Noir
98%
Kyogre Rose
98%
Lucario Jaune
93%
Spiritomb Bleu
85%
Teddiursa Vert
83%
Coxyclaque Jaune orangé
68%
Flammes de Lugulabre Oranges
68%
Couafarel (forme normale) Noir
65%
Limagma Gris
60%
Cape de Cheniselle (forme sable) Pas de différence
60%
Ventre de Croâporal Bleu pastel
58%
Feuilles de Phyllali Pas de différence
55%
Kapoera Gris et violet
53%
Sablaireau (forme Kanto) Rouge
53%
Maskadra Vert
53%
Typhlosion (dos) Rouge
43%
Galeking Vert
40%
Tête de Rhinolove Jaune
30%
Hippodocus mâle (corps seulement, pas le dos) Jaune - vert
25%
Aucun quiz correspondant
Distribution des résultats
% des personnes avec chaque résultat
Percentile par nombre de réponses
Votre historique - résultats
Vous n’avez pas pris ce quiz